000 00325nam a22001457a 4500
003 SGT
020 _a978-93-80316-75-8
082 _a615.321
_bSIN
100 _aSINGH, PRADEEP
245 _aTEXTBOOK OF PHARMACOGNOSY
260 _aINDIA
_bAHUJA PUB.
_c2019
300 _a181
650 _aPHARMACOGNOSY
942 _2ddc
_cBK
999 _c32921
_d32921